=LDR 00000nam 2200000 4500 =001 INLIS000000000007737 =005 20160614130134.0 =006 =007 =008 Ind =035 ##$$0010-061300000007737 =041 ##$$a Ind =082 ##$$a 155.4 =090 ##$$a 155.4, Las m =100 ##$$a Lask, Bryan =245 ##$$a Memahami dan mengatasi masalah anak anda, Dr. Bryan Lask =260 ##$$a 1989 $b Jakarta =300 ##$$a 203 hlm, ilus, 21 cm =650 ##$$a Psikologi anak =850 ##$$a NBPNMAT